Personagens de Avenida Brasil - Statistics

Estatísticas Gerais
  • Esse quiz foi jogado 39 vezes
  • A pontuação média é 13 de 43
Estatísticas das Respostas
Hint Resposta % Correto
Murilo Benicio Jorge Araújo (Tufão)
100%
Adriana Esteves Carmen Lúcia Moreira Araújo (Carminha)
97%
Débora Falabella Nina Sauer Garcia/ Rita Moura dos Santos (Rita) (Nina)
86%
Marcos Caruso Laércio Araújo (Leleco)
83%
Cauã Reymond Jorge Moreira de Araújo Filho(Jorginho) / Cristiano Moreira Oliveira (Batata)
79%
Vera Holtz Lucinda Pereira (Mãe Lucinda)
69%
Marcello Novaes Maxwell Pereira Oliveira (Max)
69%
José de Abreu Nilo Oliveira ( Nilo)
59%
Heloisa Périssé Monalisa Barbosa da Silva(Monalisa)
45%
Eliane Giardini Muricy Araújo (Muricy)
45%
Cacau Protásio Maria José (Zezé)
41%
Nathalia Dill Débora Magalhães Queirós (Débora)
38%
Daniel Rocha Ronaldo Viegas (Roni)
34%
Débora Bloch Verônica Magalhães Queirós (Verônica)
34%
Juliano Cazarré Adauto dos Santos (Adauto)
31%
Letícia Isnard Ivana Araújo Oliveira (Ivana)
31%
Thiago Martins Leandro Dias (Leandro)
31%
Débora Nascimento Tessália das Graças Mendonça ( Tessália)
31%
Carolina Ferraz Alexia Bragança Queirós (Alexia)
28%
Camila Morgado Noêmia Buarque Queirós (Noêmia)
28%
Bruno Gissoni Iran Barbosa (Iran)
24%
Alexandre Borges Carlos Eduardo Queirós de Souza (Cadinho) (Dudu)
21%
Claúdia Missura Janaína da Silva (Janaína)
21%
Ailton Graça Paulo Silas (Silas)
21%
Isis Valverde Suellen Flores (Suellem)
21%
Emiliano D'Ávila Lúcio da Silva (Lúcio)
17%
Fabiula Nascimento Olenka Cabral (Olenka)
17%
Bianca Comparato Betânia de Almeida (Betânia)
14%
Otávio Augusto Diógenes Viegas (Diógenes)
14%
Juca de Oliveira Santiago Moreira (Santiago)
14%
Carol Abras Begônia Sauer Garcia (Begônia)
10%
Ronny Kriwat Tomás Buarque Queirós (Tomás)
10%
José Loreto Darkson Silas (Darkson)
7%
João Henrique Gago Evaldo de Almeida (Valdo)
3%
Leandro Santana Herculano
3%
Pathy De Jesus Jéssica
3%
Felipe Abib Jimmy Bastos (Jimmy)
3%
Betty Faria Pilar Albuquerque Bragança (Pilar)
3%
Vilma Melo Conceição
0%
Paula Burlamaqui (Dolores) Neiva Viegas / (Soninha Catatau)
0%
Mário Hermeto Inspetor Zenon (Zenon)
0%
Luana Martau Maria da Purificação de Jesus (Beverlly Hills)
0%
André Luiz Miranda Valentim
0%
Nenhum quiz correspondente encontrado
Distribuição das Pontuações
Porcentagem de Pessoas com Cada Pontuação
Percentil de Números Respondidos
Sua Pontuação Histórica
Você não jogou esse quiz